|
|
|
|
| LEADER |
00000nam0a2200000 4500 |
| 001 |
301523 |
| 005 |
20231102001418.0 |
| 010 |
|
|
|a 9785160099033
|
| 035 |
|
|
|a (RuTPU)RU\TPU\book\326695
|
| 090 |
|
|
|a 301523
|
| 100 |
|
|
|a 20150731d2015 m y0rusy50 ca
|
| 101 |
0 |
|
|a rus
|
| 102 |
|
|
|a RU
|
| 105 |
|
|
|a a j 001zy
|
| 200 |
1 |
|
|a Техносферная безопасность: физико-химические процессы в техносфере
|e учебное пособие
|f Н. В. Гусакова
|
| 210 |
|
|
|a Москва
|c Инфра-М
|d 2015
|
| 215 |
|
|
|a 185 с.
|c ил.
|
| 225 |
1 |
|
|a Высшее образование - Бакалавриат
|
| 320 |
|
|
|a Библиогр.: с. 181-182.
|
| 330 |
|
|
|a Рассмотрены физико-химические аспекты проблемы охраны окружающей среды, процессов миграции и трансформации соединений природного и антропогенного происхождения в атмосфере, литосфере и гидросфере, характеристики основных загрязнителей, методы борьбы с загрязнением окружающей среды.Приведены биогеохимические круговороты наиболее важных макро- и микроэлементов, а также некоторых загрязнителей окружающей среды.Для студентов вузов, обучающихся по направлению «Техносфер-ная безопасность и природообустройство», может быть полезно для специалистов в области защиты окружающей среды, мониторинга и экологической экспертизы.
|
| 606 |
1 |
|
|a Окружающая среда
|x Загрязнения
|x (экология)
|2 stltpush
|3 (RuTPU)RU\TPU\subj\67948
|9 83532
|
| 610 |
1 |
|
|a техносферная безопасность
|
| 610 |
1 |
|
|a физико-химические процессы
|
| 610 |
1 |
|
|a атмосфера
|
| 610 |
1 |
|
|a земная кора
|
| 610 |
1 |
|
|a природные воды
|
| 610 |
1 |
|
|a химические вещества
|
| 610 |
1 |
|
|a распространение
|
| 610 |
1 |
|
|a трансформация
|
| 610 |
1 |
|
|a накопление
|
| 610 |
1 |
|
|a учебные пособия
|
| 675 |
|
|
|a 504.05(075.8)
|v 4
|
| 700 |
|
1 |
|a Гусакова
|b Н. В.
|g Наталья Владимировна
|
| 801 |
|
1 |
|a RU
|b 63413507
|c 20150731
|
| 801 |
|
2 |
|a RU
|b 63413507
|c 20151102
|g RCR
|
| 900 |
|
|
|a Физическая химия техносферы
|
| 942 |
|
|
|c BK
|
| 953 |
|
|
|l 8.1
|
| 959 |
|
|
|a 92/20150730
|d 5
|e 369,90
|f ЧЗТЛ:1
|f УФ:4
|